[Event "AUTO-MASTER-05"]
[Site "http://www.queenalice.com/game.php?id=9712"]
[Date "2005.4.13"]
[Round "1"]
[White "dnptrs"]
[Black "nicou"]
[Result "0-1"]
[WhiteElo "1853"]
[BlackElo "1858"]

1. d4 d5 2. Nf3 Nf6 3. e3 Bg4 4. Be2 e6 5. O-O c5 6. Nbd2 Nc6 7. c4 cxd4 8. Nxd4
Bxe2 9. Qxe2 Bd6 10. N2f3 O-O 11. Nxc6 bxc6 12. b3 Re8 13. Bb2 e5 14. Rfd1 Qc7
15. Nd2 d4 16. e4 Re6 17. Nf3 h6 18. Ne1 Nh7 19. Nd3 Rg6 20. f3 Rf8 21. c5 Be7
22. f4 exf4 23. Bxd4 Rd8 24. Be5 Qc8 25. Bxf4 Qa6 26. Qc2 Ng5 27. Nf2 Ne6 28.
Rxd8+ Bxd8 29. Bd6 Nd4 30. Qb2 Ne6 31. Rd1 Bg5 32. Kh1 Be3 33. b4 Rf6 34. b5 Qa4
35. Qb3 Qxb3 36. axb3 Rxf2 37. bxc6 Rb2 38. g3 Rxb3 39. Ra1 Rb5 40. Rxa7 Rb1+
41. Kg2 Ng5 42. h4 Rb2+ 0-1

[Event "Challenge"]
[Site "http://www.queenalice.com/game.php?id=11102"]
[Date "2005.4.26"]
[Round "-"]
[White "nicou"]
[Black "franliro"]
[Result "1-0"]
[WhiteElo "1852"]
[BlackElo "1894"]

1. e4 c5 2. Nf3 d6 3. d4 cxd4 4. Nxd4 Nf6 5. Nc3 Nc6 6. Bc4 g6 7. f3 Bg7 8. Be3
O-O 9. Qd2 Ne5 10. Bb3 a6 11. O-O Bd7 12. Rad1 Rc8 13. Bh6 Nc4 14. Bxc4 Rxc4 15.
Bxg7 Kxg7 16. Qe3 b5 17. a3 Qc7 18. Rd3 e5 19. Nde2 Be6 20. Rfd1 Rd8 21. Qf2 Ne8
22. f4 Qc5 23. b3 Qxf2+ 24. Kxf2 Rc6 25. fxe5 f5 26. exf6+ Nxf6 27. Nd4 Bd7 28.
Nxc6 Bxc6 29. Rxd6 Rxd6 30. Rxd6 Ng4+ 31. Kg3 Ne5 32. Kf4 1-0

[Event "another?"]
[Site "http://www.queenalice.com/game.php?id=11949"]
[Date "2005.5.3"]
[Round "-"]
[White "NextFuture"]
[Black "nicou"]
[Result "1/2-1/2"]
[WhiteElo "2071"]
[BlackElo "1873"]

1. d4 d5 2. Nf3 Nf6 3. c4 g6 4. cxd5 Qxd5 5. Nc3 Qa5 6. Bd2 Qb6 7. e4 Bg4 8.
Qa4+ c6 9. Ne5 Nbd7 10. h3 Be6 11. O-O-O Bg7 12. f4 O-O 13. g4 Nxe5 14. dxe5 Nd7
15. f5 Nc5 16. Qa3 Bc8 17. Bf4 a5 18. Na4 Nxa4 19. Qxa4 Qf2 20. Bh2 Qf3 21. Bd3
Qxh3 22. Qd4 Qxg4 23. Qf2 Bh6+ 24. Kb1 Qg5 25. Bc2 a4 26. Rdg1 Qd2 27. Qh4 a3
28. Bg3 Qd4 29. bxa3 Qb6+ 30. Bb3 Rxa3 31. Qxh6 Rxb3+ 32. axb3 Qxb3+ 33. Kc1
1/2-1/2

[Event "Challenge"]
[Site "http://www.queenalice.com/game.php?id=12422"]
[Date "2005.5.8"]
[Round "-"]
[White "nicou"]
[Black "surbeg"]
[Result "1-0"]
[WhiteElo "1886"]
[BlackElo "1300"]

1. e4 e5 2. Nf3 d6 3. d4 exd4 4. Nxd4 Nf6 5. Nc3 Be7 6. b3 O-O 7. Bd3 Nbd7 8.
Nf5 Nc5 9. Nxe7+ Qxe7 10. Bg5 Qe5 11. Bxf6 Qxf6 12. Nd5 Qe5 13. f4 Qd4 14. Be2
Qxe4 15. O-O c6 16. Bf3 Bg4 17. Bxg4 cxd5 18. Qd2 b5 19. Bf3 Qf5 20. Qxd5 Qxd5
21. Bxd5 Rac8 22. Rae1 Rfe8 23. a3 h6 24. Rxe8+ Rxe8 25. Kf2 Ne4+ 26. Bxe4 Rxe4
27. Kf3 Re8 28. Rf2 f5 29. g4 fxg4+ 30. Kxg4 Kf7 31. Rd2 Rc8 32. h4 Ke6 33. Kh5
Rc3 34. Rg2 Kf7 35. f5 Rc5 36. Kg4 Kf6 37. Rd2 Rxf5 38. Rxd6+ Ke5 39. Rd7 Rf4+
40. Kg3 g5 41. hxg5 hxg5 42. Rxa7 Kf5 43. Rf7+ Ke4 44. Rxf4+ gxf4+ 45. Kf2 1-0

[Event "Challenge"]
[Site "http://www.queenalice.com/game.php?id=13909"]
[Date "2005.5.21"]
[Round "-"]
[White "surbeg"]
[Black "nicou"]
[Result "0-1"]
[WhiteElo "1464"]
[BlackElo "1905"]

1. e4 e6 2. Nf3 d5 3. e5 c5 4. Nc3 Nc6 5. Bb5 Ne7 6. d3 d4 7. Ne4 Ng6 8. Bxc6+
bxc6 9. O-O Qc7 10. Re1 Rb8 11. Ng3 Be7 12. c3 O-O 13. Nh5 dxc3 14. bxc3 Qa5 15.
Qc2 Ba6 16. Nf4 c4 17. d4 c5 18. Nxg6 fxg6 19. Ng5 cxd4 20. Nxe6 d3 21. Qd2 Rfe8
22. Nd4 Rb6 23. f4 Bc5 24. Re4 Bc8 25. Re3 Bf5 26. a4 Bxd4 27. cxd4 c3 28. Qd1
Rb1 29. Rxb1 c2 30. Qe1 Qxe1+ 0-1

[Event "AUTO-OPEN-72"]
[Site "http://www.queenalice.com/game.php?id=18129"]
[Date "2005.7.2"]
[Round "2"]
[White "alib2004"]
[Black "nicou"]
[Result "0-1"]
[WhiteElo "1798"]
[BlackElo "1845"]

1. e4 e5 2. Nf3 Nc6 3. Bc4 Bc5 4. O-O d6 5. Nc3 Bg4 6. h3 Bh5 7. a3 Nd4 8. g4
Bg6 9. d3 h6 10. b4 Bb6 11. Nd5 c6 0-1

[Event "AUTO-OPEN-69"]
[Site "http://www.queenalice.com/game.php?id=25676"]
[Date "2005.8.24"]
[Round "2"]
[White "andi_g"]
[Black "nicou"]
[Result "0-1"]
[WhiteElo "1460"]
[BlackElo "1846"]

1. e3 e5 2. Qh5 d6 3. Bc4 Qf6 4. g4 Be7 5. g5 Qg6 6. Qxg6 hxg6 7. d4 Bxg5 8. Nf3
Bf6 9. Rg1 Nc6 10. Nc3 Nb4 11. Bb3 Be6 12. d5 Bd7 13. a3 Na6 14. h4 Bxh4 15. Rh1
Bxf2+ 16. Kxf2 Rxh1 17. a4 O-O-O 18. Nb5 Kb8 19. Kg2 Rh5 20. Bd2 Nf6 21. c4 Rdh8
22. Bc2 e4 23. Nfd4 Rh2+ 24. Kg3 R8h3+ 25. Kf4 Rxd2 26. Rd1 Rxd1 27. Bxd1 Nc5
28. b3 Nh7 29. Nc3 g5# 0-1

[Event "AUTO-OPEN-69"]
[Site "http://www.queenalice.com/game.php?id=25677"]
[Date "2005.8.24"]
[Round "2"]
[White "nicou"]
[Black "andi_g"]
[Result "1-0"]
[WhiteElo "1844"]
[BlackElo "1489"]

1. e4 d5 2. exd5 Qxd5 3. Nc3 Qe6+ 4. Be2 b6 5. Nf3 Bb7 6. O-O Nc6 7. Re1 Qg6 8.
Bb5 O-O-O 9. d3 f6 10. Bf4 a6 11. Bc4 Nd4 12. Nh4 Qh5 13. Qxh5 Nxc2 14. Bxg8
Nxa1 15. Be6+ Kb8 16. Rxa1 g6 17. Nxg6 Bg7 18. Nxh8 Rxh8 19. Rc1 Ka7 20. Bxc7 a5
21. Qh3 h5 22. Qe3 Ka8 23. Qxb6 Rb8 24. Qxa5+ 1-0

[Event "AUTO-OPEN-69"]
[Site "http://www.queenalice.com/game.php?id=25682"]
[Date "2005.8.24"]
[Round "2"]
[White "nicou"]
[Black "atomic"]
[Result "0-1"]
[WhiteElo "1868"]
[BlackElo "1657"]

1. e4 e5 2. Nf3 d6 3. Bc4 Nc6 4. d4 exd4 5. Nxd4 a6 6. O-O Ne5 7. Bb3 Nf6 8. Bg5
c5 9. Nf3 c4 10. Nxe5 dxe5 11. Qxd8+ Kxd8 12. Bxc4 Be6 13. Nd2 h6 14. Bh4 b5 15.
Bxe6 fxe6 16. Rad1 Ke8 17. Rfe1 b4 18. Nc4 Rc8 19. b3 Bc5 20. Bg3 Ng4 21. Nxe5
Nxe5 22. Bxe5 Rh7 23. Rd3 g5 24. Red1 Rf7 25. c3 bxc3 26. Bxc3 Bxf2+ 27. Kh1 h5
28. Ba5 Kf8 29. Rf3 Rxf3 30. gxf3 Rc2 31. h3 Rxa2 32. b4 g4 33. fxg4 hxg4 34.
hxg4 Kf7 35. Rf1 Kg6 36. Rd1 Kg5 37. Kg2 Kxg4 38. Rf1 Bb6+ 39. Kh1 Bxa5 40. bxa5
Rxa5 41. Kg2 Re5 42. Re1 Kf4 43. Kf2 a5 0-1

[Event "AUTO-OPEN-69"]
[Site "http://www.queenalice.com/game.php?id=25683"]
[Date "2005.8.24"]
[Round "2"]
[White "atomic"]
[Black "nicou"]
[Result "1-0"]
[WhiteElo "1611"]
[BlackElo "1870"]

1. e4 e6 2. e5 d5 3. exd6 cxd6 4. Bb5+ Nc6 5. Nf3 a6 6. Bxc6+ bxc6 7. O-O Nf6 8.
Nd4 Bb7 9. d3 Be7 10. Nb3 O-O 11. Be3 e5 12. Qd2 c5 13. Na5 Bc8 14. Nc6 Qd7 15.
Nxe7+ Qxe7 16. Bg5 Bb7 17. Nc3 Rab8 18. b3 Qe6 19. Bxf6 gxf6 20. Rfe1 Qg4 21. g3
Qf3 22. Ne4 f5 23. Re3 Bxe4 24. Rxf3 Bxf3 25. Qg5+ Kh8 26. Qxf5 Bc6 27. Qf6+ Kg8
28. Qxd6 Rbc8 29. Qxe5 Bf3 30. h4 Rfe8 31. Qg5+ Kh8 32. h5 Ba8 33. h6 Rg8 34.
Qf6+ 1-0

[Event "tole en perspective"]
[Site "http://www.queenalice.com/game.php?id=27798"]
[Date "2005.9.8"]
[Round "-"]
[White "chessyca"]
[Black "nicou"]
[Result "0-1"]
[WhiteElo "1698"]
[BlackElo "1861"]

1. d4 Nf6 2. e3 d5 3. f4 e6 4. Nf3 c5 5. c3 Nc6 6. Bd3 c4 7. Be2 Be7 8. O-O O-O
9. Nbd2 b5 10. Ne5 Nxe5 11. fxe5 Ne8 12. Nf3 f6 13. exf6 Nxf6 14. Ng5 h6 15. Nf3
Rb8 16. Ne5 Qc7 17. Ng6 Re8 18. Nxe7+ Rxe7 19. Bd2 Rf7 20. Rf2 Bd7 21. Be1 Rbf8
22. Rf3 Ne4 23. a3 e5 24. dxe5 Qxe5 25. Qd4 Qg5 26. a4 Rxf3 27. Bxf3 Rxf3 28.
Rd1 Qxe3+ 29. Qxe3 Rxe3 30. a5 Rd3 0-1

[Event "Challenge"]
[Site "http://www.queenalice.com/game.php?id=29072"]
[Date "2005.9.16"]
[Round "-"]
[White "tbotoi"]
[Black "nicou"]
[Result "0-1"]
[WhiteElo "1990"]
[BlackElo "1846"]

1. d4 Nf6 2. c4 e6 3. Nf3 c6 4. Nc3 d5 5. e3 Be7 6. Bd3 dxc4 7. Bxc4 Nd5 8. O-O
O-O 9. e4 Nb6 10. Bd3 N8d7 11. e5 Nd5 12. Qc2 g6 13. Bh6 Re8 14. a3 c5 15. Nxd5
exd5 16. e6 fxe6 17. Bxg6 cxd4 18. Nxd4 Ne5 19. Bxe8 Qxe8 20. Rfe1 Bf6 21. Bf4
Ng6 22. Be3 e5 23. Nf3 Bg4 24. Nd2 Qf7 25. h3 Bd7 26. Rad1 Nh4 27. Kh2 Bf5 28.
Qc5 Rc8 29. Qxa7 d4 30. Bh6 Qg6 31. g4 Qxh6 32. gxf5 Qf4+ 33. Kh1 Nf3 34. Rg1+
Kh8 35. Nxf3 Qxf3+ 36. Kh2 Qxf2+ 37. Rg2 Qf4+ 38. Kh1 Qf3 39. Rg1 Qxh3+ 40. Rh2
Qf3+ 41. Rhg2 Bg5 42. Qa5 Bf4 0-1

[Event "Tournoi de brunoy ronde 1"]
[Site "http://www.queenalice.com/game.php?id=34485"]
[Date "2005.10.22"]
[Round "-"]
[White "Philippe10"]
[Black "nicou"]
[Result "1/2-1/2"]
[WhiteElo "1500"]
[BlackElo "1868"]

1. e4 e6 2. d4 d5 3. Nd2 Bb4 4. c3 Ba5 5. Qa4+ Nc6 6. Bb5 Bb6 7. exd5 exd5 8.
Bxc6+ bxc6 9. Qxc6+ Bd7 10. Qxd5 Nf6 11. Qe5+ Be6 12. Ngf3 O-O 13. O-O Re8 14.
Qg3 c5 15. dxc5 Bxc5 16. Nb3 Ne4 17. Qh4 Qxh4 18. Nxh4 Bxb3 19. axb3 Nxf2 20. b4
Nh3+ 21. Kh1 Nf2+ 22. Kg1 Nh3+ 23. Kh1 Nf2+ 24. Kg1 Nh3+ 25. Kh1 Nf2+ 26. Kg1
Nh3+ 27. Kh1 Nf2+ 28. Kg1 Nh3+ 29. Kh1 1/2-1/2

[Event "Challenge"]
[Site "http://www.queenalice.com/game.php?id=139571"]
[Date "2006.12.10"]
[Round "-"]
[White "nicou"]
[Black "defconn4"]
[Result "0-1"]
[WhiteElo "1860"]
[BlackElo "1829"]

1. e4 d5 2. exd5 Qxd5 3. Nc3 Qd8 4. d4 Nf6 5. Nf3 Bg4 6. Be2 e6 7. h3 Bh5 8. Bg5
Bxf3 9. Bxf3 c6 10. Qd3 Bd6 11. O-O-O Nbd7 12. Ne4 Be7 13. g4 Nxe4 14. Bxe7 Nxf2
15. Bxd8 Nxd3+ 16. Rxd3 Rxd8 17. g5 h6 18. gxh6 Rxh6 19. a4 Nb6 20. b3 Rh4 21.
c3 Ke7 22. Be2 Nd5 23. Bf1 g5 24. Kd2 f5 25. Rg1 Rg8 26. Rdg3 Kf6 27. Kd3 Nf4+
28. Kd2 Rg7 29. Re3 g4 30. hxg4 Rhxg4 31. Rh1 Rg1 32. Rh6+ Kg5 33. Rh2 Rxf1 34.
Rg3+ Kf6 0-1

[Event "Challenge"]
[Site "http://www.queenalice.com/game.php?id=140546"]
[Date "2006.12.13"]
[Round "-"]
[White "marcosweck"]
[Black "nicou"]
[Result "0-1"]
[WhiteElo "1755"]
[BlackElo "1848"]

1. e4 e6 2. Nf3 d5 3. e5 c5 4. d4 Nc6 5. c3 Qb6 6. dxc5 Bxc5 7. Qe2 Nge7 8. g3
O-O 9. Bg2 Ng6 10. O-O f5 11. exf6 Rxf6 12. Nbd2 Bd7 13. b4 Bd6 14. a4 Rc8 15.
b5 Nce5 16. Bb2 Rcf8 17. Kh1 Ng4 18. Nd4 Nxf2+ 19. Kg1 Ne4 20. Rxf6 Rxf6 21.
Nxe4 dxe4 22. Kh1 e5 23. Nc2 Rf2 24. Qxe4 Bf5 25. Qd5+ Kf8 26. Ba3 Bxa3 27. Nxa3
e4 28. Bxe4 Bxe4+ 29. Qxe4 Qf6 30. Qd3 Ne5 31. Qd1 Nf3 32. Qc2 Rxc2 33. Nxc2
Qxc3 34. Rf1 Qxc2 35. Rxf3+ Ke7 36. Rf4 g5 37. Rf1 Qe4+ 38. Kg1 Qxa4 39. Kg2 g4
40. Rf4 Qxb5 41. Rxg4 h5 42. Rg7+ Kf6 0-1

[Event "Brunoy - Yerrres "]
[Site "http://www.queenalice.com/game.php?id=142543"]
[Date "2006.12.16"]
[Round "-"]
[White "Rafale2000"]
[Black "nicou"]
[Result "1-0"]
[WhiteElo "1921"]
[BlackElo "1843"]

1. e4 e6 2. d4 d5 3. Nc3 Nf6 4. Bg5 Be7 5. e5 Nfd7 6. h4 c5 7. Nb5 Qa5+ 8. c3 c4
9. Bxe7 Qxb5 10. Bb4 Nc6 11. a4 Qb6 12. a5 Qc7 13. Bd6 Qd8 14. Qg4 Rg8 15. Qh5
h6 16. Rh3 Nf8 17. Bxf8 Kxf8 18. Rf3 Qe7 19. Ne2 Nd8 20. Nf4 Ke8 21. g4 Rh8 22.
g5 Kd7 23. Bh3 g6 24. Qg4 h5 25. Qg2 Rb8 26. Nxd5 Qe8 27. Nf6+ 1-0